| 000 | 00659nam a22001937a 4500 | ||
|---|---|---|---|
| 005 | 20220830124106.0 | ||
| 008 | 220830b ||||| |||| 00| 0 eng d | ||
| 040 | _cAL | ||
| 041 | _aKannada | ||
| 082 |
_223 _a320.01K _bROHP |
||
| 100 |
_aB M Rohini ಬಿ ಎಂ ರೋಹಿಣಿ _956127 |
||
| 245 | _aPratispandana: Articles ಪ್ರತಿಸ್ಪಂದನ: ಲೇಖನಗಳು | ||
| 260 |
_aChikkamagalur _bMalenadu Prakashana _c2020 |
||
| 300 |
_a296 p. _bPB _c21x13.3 cm. |
||
| 365 |
_b₹270.00 _c₹ _d₹270.00 |
||
| 650 |
_aKannada Articles _956128 |
||
| 700 |
_aROHINI (B M) ರೋಹಿಣಿ(ಬಿ ಎಂ ) _956129 |
||
| 942 |
_2ddc _cDB |
||
| 999 |
_c224490 _d224490 |
||